| 000 | 01097nam a22002657a 4500 | ||
|---|---|---|---|
| 003 | SISC | ||
| 005 | 20190112082304.0 | ||
| 008 | 160714b xxu||||| |||| 00| 0 eng d | ||
| 020 | _a9780062391308 | ||
| 050 | _aPZ 7 .C2685133 He 2015 | ||
| 100 | _aCass, Keira | ||
| 245 |
_aThe heir / _cKiera Cass. |
||
| 250 | _a1st ed. | ||
| 260 |
_aNew York : _bHarperCollins Publishers, _cc2015. |
||
| 300 |
_a346 p. : _c21 cm. |
||
| 440 | _aThe selection series | ||
| 520 | _aTwenty years ago, America Singer entered the Selection and won Prince Maxon's heart. Now the time has come for Princess Eadlyn to hold a Selection of her own. Eadlyn doesn't expect her Selection to be anything like her parents' fairy-tale love story ... but as the competition begins, she may discover that finding her own happily ever after isn't as impossible as she's always thought. | ||
| 650 | _aPrincesses--Fiction. | ||
| 650 | _aSocial classes--Fiction. | ||
| 650 | _aContests--Fiction. | ||
| 650 | _aMarriage--Fiction. | ||
| 650 | _aLove--Fiction. | ||
| 942 |
_2lcc _cBK |
||
| 999 |
_c297724 _d297724 |
||